<?xml version="1.0" encoding="UTF-8"?>
<collection xmlns="http://www.loc.gov/MARC21/slim">
 <record>
  <leader>01750nam a22002297a 4500</leader>
  <controlfield tag="001">NCT_68998</controlfield>
  <controlfield tag="008">190911b        xxu||||| |||| 00| 0 vie d</controlfield>
  <datafield tag="999" ind1=" " ind2=" ">
   <subfield code="c">3341</subfield>
   <subfield code="d">3341</subfield>
  </datafield>
  <datafield tag="020" ind1=" " ind2=" ">
   <subfield code="c">140000</subfield>
  </datafield>
  <datafield tag="082" ind1="0" ind2="4">
   <subfield code="2">23rd ed.</subfield>
   <subfield code="a">621</subfield>
   <subfield code="b">D513</subfield>
  </datafield>
  <datafield tag="100" ind1="1" ind2=" ">
   <subfield code="a">Đỗ Văn Dũng</subfield>
  </datafield>
  <datafield tag="245" ind1="1" ind2="0">
   <subfield code="a">Điện động cơ &amp; điều khiển động cơ</subfield>
   <subfield code="c">Đỗ Văn Dũng</subfield>
  </datafield>
  <datafield tag="260" ind1=" " ind2=" ">
   <subfield code="a">Tp. Hồ Chí Minh</subfield>
   <subfield code="b">Đại học Quốc gia Tp. Hồ Chí Minh</subfield>
   <subfield code="c">2013</subfield>
  </datafield>
  <datafield tag="300" ind1=" " ind2=" ">
   <subfield code="a">407 tr.</subfield>
   <subfield code="b">minh họa</subfield>
   <subfield code="c">27cm</subfield>
  </datafield>
  <datafield tag="520" ind1="3" ind2=" ">
   <subfield code="a">Sách khái quát về hệ thống điện và điện tử trên ô tô, ắc quy khởi động, máy khởi động, hệ thống cung cấp điện trên ô tô, hệ thống đánh lữa, hệ thống điều khiển động cơ, hệ thống điều khiển quạt làm mát động cơ.  Link nguồn : https://www.ebookbkmt.com/2018/12/sach-ien-ong-co-va-ieu-khien-ong-co.html</subfield>
  </datafield>
  <datafield tag="653" ind1=" " ind2=" ">
   <subfield code="a">Cơ khí động lực</subfield>
  </datafield>
  <datafield tag="942" ind1=" " ind2=" ">
   <subfield code="2">ddc</subfield>
   <subfield code="c">BK</subfield>
  </datafield>
  <datafield tag="952" ind1=" " ind2=" ">
   <subfield code="0">0</subfield>
   <subfield code="1">0</subfield>
   <subfield code="2">ddc</subfield>
   <subfield code="4">0</subfield>
   <subfield code="6">621_000000000000000_D513</subfield>
   <subfield code="7">0</subfield>
   <subfield code="9">17815</subfield>
   <subfield code="a">000001</subfield>
   <subfield code="b">000001</subfield>
   <subfield code="d">2019-09-11</subfield>
   <subfield code="l">6</subfield>
   <subfield code="o">621 D513</subfield>
   <subfield code="p">MD.10199</subfield>
   <subfield code="r">2020-09-08</subfield>
   <subfield code="s">2020-09-03</subfield>
   <subfield code="v">140000.00</subfield>
   <subfield code="w">2019-09-11</subfield>
   <subfield code="y">BK</subfield>
  </datafield>
  <datafield tag="952" ind1=" " ind2=" ">
   <subfield code="0">0</subfield>
   <subfield code="1">0</subfield>
   <subfield code="2">ddc</subfield>
   <subfield code="4">0</subfield>
   <subfield code="6">621_000000000000000_D513</subfield>
   <subfield code="7">0</subfield>
   <subfield code="9">17816</subfield>
   <subfield code="a">000001</subfield>
   <subfield code="b">000001</subfield>
   <subfield code="d">2019-09-11</subfield>
   <subfield code="l">2</subfield>
   <subfield code="o">621 D513</subfield>
   <subfield code="p">MD.10200</subfield>
   <subfield code="r">2020-08-27</subfield>
   <subfield code="s">2020-08-27</subfield>
   <subfield code="v">140000.00</subfield>
   <subfield code="w">2019-09-11</subfield>
   <subfield code="y">BK</subfield>
  </datafield>
  <datafield tag="952" ind1=" " ind2=" ">
   <subfield code="0">0</subfield>
   <subfield code="1">0</subfield>
   <subfield code="2">ddc</subfield>
   <subfield code="4">0</subfield>
   <subfield code="6">621_000000000000000_D513</subfield>
   <subfield code="7">0</subfield>
   <subfield code="9">18334</subfield>
   <subfield code="a">000001</subfield>
   <subfield code="b">000001</subfield>
   <subfield code="d">2019-11-04</subfield>
   <subfield code="l">5</subfield>
   <subfield code="o">621 D513</subfield>
   <subfield code="p">MD.10196</subfield>
   <subfield code="r">2021-01-28</subfield>
   <subfield code="s">2020-12-23</subfield>
   <subfield code="v">140000.00</subfield>
   <subfield code="w">2019-11-04</subfield>
   <subfield code="y">BK</subfield>
  </datafield>
  <datafield tag="952" ind1=" " ind2=" ">
   <subfield code="0">0</subfield>
   <subfield code="1">0</subfield>
   <subfield code="2">ddc</subfield>
   <subfield code="4">0</subfield>
   <subfield code="6">621_000000000000000_D513</subfield>
   <subfield code="7">0</subfield>
   <subfield code="9">18335</subfield>
   <subfield code="a">000001</subfield>
   <subfield code="b">000001</subfield>
   <subfield code="d">2019-11-04</subfield>
   <subfield code="l">5</subfield>
   <subfield code="m">1</subfield>
   <subfield code="o">621 D513</subfield>
   <subfield code="p">MD.10198</subfield>
   <subfield code="r">2020-09-23</subfield>
   <subfield code="s">2020-09-18</subfield>
   <subfield code="v">140000.00</subfield>
   <subfield code="w">2019-11-04</subfield>
   <subfield code="y">BK</subfield>
  </datafield>
  <datafield tag="980" ind1=" " ind2=" ">
   <subfield code="a">Thư viện Trường Đại học Nam Cần Thơ</subfield>
  </datafield>
 </record>
</collection>
